Geography Quiz

Random Geography or World Quiz

3K Volcanoes Quiz Stats

 Plays Quiz not verified by Sporcle

Score 0/10 Timer 02:30
1 Play Today
% Correct
Kilimanjaro
86.4%
Fuji
83.4%
Cotopaxi
65.3%
Elbrus
63.3%
Chimborazo
58.1%
Rainier
56.8%
Ojos del Salado
54.7%
Ararat
51.6%
Nevado Tres Cruces
39.7%
Damavand
32.2%

You're not logged in!

Compare scores with friends on all Sporcle quizzes.
OR
Log In

Sporcle TV

Today on Sporcle TV


Watch our educational content, quiz creation guides, and fun videos on Sporcle TV.

Show Comments

Extras

Top Quizzes Today


Score Distribution

Your Account Isn't Verified!

In order to create a playlist on Sporcle, you need to verify the email address you used during registration. Go to your Sporcle Settings to finish the process.

Report this User

Report this user for behavior that violates our Community Guidelines.

Details: